[Event "FRA-chT U20"]
[Site "Mulhouse"]
[Date "2005.12.20"]
[Round "7"]
[White "Louiset, Theo"]
[Black "Paci, Romain"]
[Result "1-0"]
[WhiteElo "1530"]
[BlackElo "1862"]
[PlyCount "53"]
[EventDate "2005.12.??"]
[EventType "team"]
[EventRounds "11"]
[EventCountry "FRA"]
[SourceTitle "EXT 2007"]
[Source "ChessBase"]
[SourceDate "2006.11.23"]
[SourceVersion "1"]
[SourceVersionDate "2006.11.23"]
[SourceQuality "1"]
[WhiteTeam "Gonfreville"]
[BlackTeam "Mulhouse"]
[WhiteTeamCountry "FRA"]
[BlackTeamCountry "FRA"]

1. e4 e5 2. Nf3 Nc6 3. d4 exd4 4. Nxd4 Qh4 5. Nc3 Bb4 6. Be2 Qxe4 7. Ndb5 Bxc3+ 8. bxc3 Kd8 9. 0-0 a6 10. Bf3 Qf5 11. Nd4 Nxd4 12. cxd4 Nf6 13. Ba3 d6 14. Re1 h5 15. c4 g5 16. g3 g4 17. Bg2 h4 18. c5 hxg3 19. fxg3 d5 20. Qb3 Qh5 21. c6 Qxh2+ 22. Kf1 Ne4 23. Qxd5+ Nd6 24. Bxd6 Be6 25. Qg5+ Kc8 26. cxb7+ Kd7 27. Qe7# 1-0

[Event "FRA-chT U20"]
[Site "Mulhouse"]
[Date "2005.12.18"]
[Round "4"]
[White "Schaeffer, Vincent1111"]
[Black "Louiset, Theo"]
[Result "1-0"]
[WhiteElo "1950"]
[BlackElo "1530"]
[PlyCount "87"]
[EventDate "2005.12.??"]
[EventType "team"]
[EventRounds "11"]
[EventCountry "FRA"]
[SourceTitle "EXT 2007"]
[Source "ChessBase"]
[SourceDate "2006.11.23"]
[SourceVersion "1"]
[SourceVersionDate "2006.11.23"]
[SourceQuality "1"]
[WhiteTeam "Bischwiller"]
[BlackTeam "Gonfreville"]
[WhiteTeamCountry "FRA"]
[BlackTeamCountry "FRA"]

1. e4 c5 2. Nf3 Nc6 3. Nc3 g6 4. d4 cxd4 5. Nxd4 Bg7 6. Nb3 Nf6 7. Be2 0-0 8. 0-0 d6 9. Re1 Be6 10. Bf1 a6 11. Bg5 h6 12. Bh4 Rc8 13. Nd5 g5 14. Bg3 b5 15. c3 Re8 16. f4 gxf4 17. Bxf4 Ne5 18. Nxf6+ exf6 19. Nd4 Bd7 20. h3 Qb6 21. Be3 Nc4 22. Bxc4 bxc4 23. Nf5 Qxb2 24. Nxd6 Qxc3 25. Nxe8 Bxe8 26. Qg4 Rc6 27. Rac1 Qe5 28. Rf1 f5 29. Qxf5 Qxf5 30. exf5 Kh7 31. Rf4 c3 32. Bd4 Rc4 33. f6 Bf8 34. Rxc3 Rxc3 35. Bxc3 Bd6 36. Rg4 Bc5+ 37. Bd4 Bxd4+ 38. Rxd4 Kg6 39. Rd6 Bb5 40. Kf2 Kf5 41. g4+ Ke5 42. Rb6 Bc4 43. a4 Kf4 44. Rb4 1-0